00385nam a2200157Ia 45000010006000000050017000060080041000230410008000640820013000721000040000852450044001252600009001693000033001786500008002116540008002191751820260306171523.0260306s9999||||xx |||||||||||||| ||und|| aESP a658bT73 aTorres Hernández, ZacaríaseAUT 0aTeoría general de la administración c2008 axiv, 496 páginas :c25 cm. aGEN aCAN